[Event "Amber-blind 9th"]
[Site "Monte Carlo"]
[Date "2000.03.27"]
[Round "10"]
[White "Karpov, Anatoly"]
[Black "Gelfand, Boris"]
[Result "0-1"]
[WhiteElo "2696"]
[BlackElo "2692"]
[PlyCount "106"]
[EventDate "2000.03.16"]
[Source "ChessBase"]
[SourceDate "2000.05.31"]

1. d4 Nf6 2. c4 e6 3. Nc3 Bb4 4. Qc2 c5 5. dxc5 O-O 6. a3 Bxc5 7. Nf3 b6 8. Bf4 Nh5 9. Bg3 f5 10. e3 Bb7 11. Be2 Nc6 12. Rd1 Nxg3 13. hxg3 Rf7 14. Nb5 Qf6 15. Qc3 Qxc3+ 16. Nxc3 h6 17. Nb5 Rc8 18. b4 Bf8 19. Nd6 Bxd6 20. Rxd6 Rc7 21. O-O Re7 22. Rfd1 Nd8 23. Ne5 Nf7 24. Nxf7 Kxf7 25. f4 g5 26. Kf2 Kf6 27. R1d4 Rg7 28. fxg5+ hxg5 29. g4 fxg4 30. Bxg4 Ke5 31. Bf3 Bd5 32. c5 bxc5 33. bxc5 Rxc5 34. Ra6 Rc2+ 35. Kg3 Rc3 36. Kf2 Bxf3 37. gxf3 d5 38. Rg4 Rc2+ 39. Kg3 Re2 40. f4+ Kf5 41. Rxg5+ Rxg5+ 42. fxg5 Rxe3+ 43. Kf2 d4 44. Rxa7 Kxg5 45. a4 Kf4 46. a5 Ra3 47. Ke2 Ke4 48. Kd2 e5 49. a6 Ra2+ 50. Kc1 Kd3 51. Re7 e4 52. a7 e3 53. Kb1 Ra6 0-1

[Event "Deutschland"]
[Site "?"]
[Date "1994.??.??"]
[Round "?"]
[White "Hertneck, G."]
[Black "Karpov, An"]
[Result "0-1"]
[WhiteElo "2615"]
[BlackElo "2740"]
[PlyCount "122"]
[EventDate "1994.??.??"]
[Source "ChessBase"]
[SourceDate "1994.02.01"]

1. d4 Nf6 2. c4 e6 3. Nc3 Bb4 4. Qc2 O-O 5. Nf3 c5 6. dxc5 Na6 7. e3 Nxc5 8. Bd2 b6 9. a3 Bxc3 10. Bxc3 Bb7 11. Be2 d6 12. O-O e5 13. b3 Rc8 14. Rfc1 Qe7 15. b4 Nce4 16. Be1 Rc7 17. Qb2 Qe6 18. a4 Ba6 19. b5 Bb7 20. a5 h6 21. Rd1 Rfc8 22. h3 Nd7 23. Nd2 Nec5 24. axb6 axb6 25. f3 e4 26. fxe4 Nxe4 27. Nxe4 Bxe4 28. Bg3 Qg6 29. Kh2 d5 30. Rac1 Nf6 31. Bf1 Rc5 32. cxd5 Nxd5 33. Rxc5 Rxc5 34. Qd4 Kh7 35. Rd2 h5 36. Rf2 f6 37. Be2 Nc3 38. Bf1 Nd5 39. Be2 f5 40. Be5 Nc3 41. Bf1 Nxb5 42. Qb2 Nc7 43. Bxc7 Rxc7 44. g3 h4 45. Qe5 Rc1 46. Qf4 hxg3+ 47. Qxg3 Qxg3+ 48. Kxg3 g5 49. Ba6 Rg1+ 50. Kh2 Rb1 51. Bf1 Rb3 52. Bg2 Kg6 53. Bxe4 fxe4 54. Kg2 b5 55. Rc2 Kh5 56. Kf2 Kh4 57. Rc5 Rb2+ 58. Ke1 b4 59. Kd1 b3 60. Rb5 Kxh3 61. Rxg5 Rg2 0-1

[Event "Panormo 82/475"]
[Site "?"]
[Date "2001.??.??"]
[Round "?"]
[White "Sokolov, I."]
[Black "Zvjaginsev, V."]
[Result "1/2-1/2"]
[WhiteElo "2659"]
[BlackElo "2638"]
[PlyCount "57"]
[EventDate "2001.??.??"]
[Source "Chess Informant"]
[SourceDate "2001.06.01"]

1. d4 e6 2. c4 Nf6 3. Nc3 Bb4 4. Qc2 c5 5. dxc5 O-O 6. a3 Bxc5 7. Nf3 b6 8. Bf4 Nh5 9. Bg5 Be7 10. Bxe7 Qxe7 11. g4 Nf6 12. g5 Ne8 13. Rg1 Bb7 14. Nd4 Nd6 15. e3 Rc8 16. Bd3 g6 17. Qe2 e5 18. Ndb5 Nxb5 19. Nxb5 e4 20. Bc2 d5 21. O-O-O Rxc4 22. Kb1 Nd7 23. Bb3 Rc5 24. Nc3 Rxc3 25. bxc3 Nc5 26. Bxd5 Bxd5 27. Rxd5 Na4 28. Qd2 Qxa3 29. Rd8+ 1/2-1/2

[Event "Poikovsky 84/(441)"]
[Site "?"]
[Date "2002.??.??"]
[Round "?"]
[White "Sokolov, I."]
[Black "Zvjaginsev, V."]
[Result "1/2-1/2"]
[WhiteElo "2647"]
[BlackElo "2645"]
[PlyCount "43"]
[EventDate "2002.??.??"]
[Source "Chess Informant"]
[SourceDate "2002.02.01"]

1. d4 e6 2. c4 Nf6 3. Nc3 Bb4 4. Qc2 c5 5. dxc5 O-O 6. a3 Bxc5 7. Nf3 b6 8. Bf4 Nh5 9. Bg3 Bb7 10. Rd1 Be7 11. e3 h6 12. Bd3 Nc6 13. Bh7+ Kh8 14. Be4 Qc8 15. O-O Na5 16. Bxb7 Qxb7 17. Qa4 Nf6 18. Nb5 Ne4 19. Nd6 Bxd6 20. Bxd6 Rfc8 21. Bb4 Nc6 22. Bd6 1/2-1/2

[Event "France"]
[Site "?"]
[Date "2004.??.??"]
[Round "?"]
[White "Gurevich, M."]
[Black "Georgiev, Ki"]
[Result "1/2-1/2"]
[WhiteElo "2655"]
[BlackElo "2635"]
[PlyCount "106"]
[EventDate "2004.??.??"]
[Source "Chess Informant"]
[SourceDate "2004.02.01"]

1. d4 Nf6 2. c4 e6 3. Nc3 Bb4 4. Qc2 c5 5. dxc5 O-O 6. a3 Bxc5 7. Nf3 b6 8. Bf4 Bb7 9. e4 Nc6 10. O-O-O Ng4 11. e5 f6 12. exf6 Qxf6 13. Bg5 Qf7 14. Bd3 Qh5 15. Ne4 Nd4 16. Nxd4 Bxe4 17. Bxe4 Qxg5+ 18. Kb1 Rxf2 19. Qd3 Raf8 20. Bxh7+ Kh8 21. Qh3 Rxb2+ 22. Kxb2 Nf2 23. Qg3 Nxd1+ 24. Rxd1 Qxg3 25. hxg3 Kxh7 26. Nf3 Rf6 27. Rxd7 Rg6 28. Rxa7 Rxg3 29. Kc2 Rxg2+ 30. Kd3 Rg3 31. Ke4 Kh6 32. Ra8 Kg6 33. a4 Kf6 34. a5 Rg4+ 35. Kd3 e5 36. Nd2 Rd4+ 37. Kc3 bxa5 38. Rxa5 Rxd2 39. Rxc5 Rd8 40. Rc6+ Kf5 41. Rc7 g5 42. c5 g4 43. Rf7+ Kg6 44. Rf1 Kg5 45. Rf7 Rg8 46. Kd3 Rc8 47. Kc4 Rg8 48. Kd3 g3 49. Ke2 Kh4 50. Kf3 e4+ 51. Kg2 Kg4 52. c6 Ra8 53. Rg7+ Kf4 1/2-1/2

[Event "North Sea Cup"]
[Site "Esbjerg"]
[Date "2000.07.11"]
[Round "5"]
[White "Gurevich, Mikhail"]
[Black "Hansen, Curt"]
[Result "0-1"]
[WhiteElo "2667"]
[BlackElo "2613"]
[PlyCount "78"]
[EventDate "2000.07.07"]
[Source "ChessBase"]
[SourceDate "2000.10.18"]

1. d4 Nf6 2. c4 e6 3. Nc3 Bb4 4. Qc2 c5 5. dxc5 O-O 6. a3 Bxc5 7. Nf3 b6 8. Bf4 Bb7 9. Rd1 Nc6 10. e3 Rc8 11. Be2 Be7 12. Nb5 d5 13. Qb1 Nh5 14. Bg3 g6 15. cxd5 exd5 16. e4 Nxg3 17. hxg3 d4 18. Qc1 h5 19. Qf4 Bf6 20. Nd6 Rc7 21. Nxb7 Rxb7 22. Bb5 Rc7 23. O-O Qe7 24. Bxc6 Rxc6 25. e5 Bg7 26. Rxd4 Re8 27. Re1 Re6 28. Rd5 Qc7 29. Qd4 R6e7 30. b4 Qc2 31. g4 hxg4 32. Qxg4 Qb2 33. e6 Rxe6 34. Rxe6 Rxe6 35. Rd8+ Bf8 36. g3 Qb1+ 37. Kg2 Qe4 38. Qxe4 Rxe4 39. Nd4 Kg7 0-1

[Event "FRA-chT"]
[Site "France"]
[Date "2002.03.29"]
[Round "4.2"]
[White "Vallejo Pons, Francisco"]
[Black "Bologan, Viktor"]
[Result "1/2-1/2"]
[WhiteElo "2629"]
[BlackElo "2651"]
[PlyCount "97"]
[EventDate "2002.02.01"]
[Source "ChessBase"]
[SourceDate "2002.07.08"]

1. d4 Nf6 2. c4 e6 3. Nc3 Bb4 4. Qc2 c5 5. dxc5 O-O 6. a3 Bxc5 7. Nf3 Qc7 8. Bg5 Be7 9. e4 d6 10. Nb5 Qc6 11. Rd1 Rd8 12. Nxd6 Rxd6 13. Rxd6 Bxd6 14. e5 Nbd7 15. exd6 b6 16. Be2 Bb7 17. O-O Ne4 18. Bf4 Nxd6 19. Rd1 Nf5 20. Bf1 Qc8 21. Qc3 Nf8 22. Nd4 Nxd4 23. Qxd4 Qe8 24. b4 Qa4 25. Rd3 f6 26. Be3 Rc8 27. h4 Qe8 28. Rd2 e5 29. Qg4 Qf7 30. Qd1 f5 31. f3 f4 32. Bf2 e4 33. fxe4 Bxe4 34. Rd8 Rxd8 35. Qxd8 Qd7 36. Qb8 f3 37. gxf3 Bxf3 38. c5 Bd5 39. cxb6 axb6 40. b5 Qg4+ 41. Qg3 Qd1 42. Qd3 Qg4+ 43. Qg3 Qd1 44. Qd3 Qg4+ 45. Kh2 Qf4+ 46. Bg3 Qf7 47. Kg1 Nd7 48. Qe3 Bc4 49. Bg2 1/2-1/2

[Event "Bled (ol) 86/499"]
[Site "?"]
[Date "2002.??.??"]
[Round "?"]
[White "Korchnoi, V."]
[Black "Macieja, B."]
[Result "0-1"]
[WhiteElo "2634"]
[BlackElo "2615"]
[PlyCount "120"]
[EventDate "2002.??.??"]
[Source "Chess Informant"]
[SourceDate "2002.10.01"]

1. d4 Nf6 2. c4 e6 3. Nc3 Bb4 4. Qc2 c5 5. dxc5 O-O 6. a3 Bxc5 7. Nf3 b6 8. Bg5 Bb7 9. e4 h6 10. Bh4 Be7 11. Rd1 Nh5 12. Bg3 a6 13. Be2 Nxg3 14. hxg3 Nc6 15. e5 Qc7 16. Nd5 exd5 17. cxd5 Rfe8 18. Rh5 Bf8 19. dxc6 Qxc6 20. Qb3 b5 21. Kf1 Rad8 22. Rh4 Qe6 23. Qc2 d6 24. exd6 Rxd6 25. Rxd6 Qxd6 26. Kg1 Qc5 27. Qd2 Qb6 28. Bf1 Bd6 29. Qd4 Bc5 30. Qd2 Rd8 31. Qc2 Be7 32. Rf4 Bf6 33. a4 bxa4 34. Qxa4 Qxb2 35. Rb4 Bc6 36. Qa5 Qc3 37. Qb6 Rd1 38. Qb8+ Kh7 39. Rb1 Qc2 40. Rxd1 Qxd1 41. Qf4 Qa1 42. g4 Bb5 43. Nd2 Bxf1 44. Nxf1 g6 45. g3 a5 46. Kg2 a4 47. Ne3 Kg7 48. Qd6 Be5 49. Qd5 Qd4 50. Qa5 Bd6 51. g5 Qe4+ 52. Kh2 Qh4+ 53. Kg2 Qxg5 54. Qxa4 Bxg3 55. fxg3 Qxe3 56. Qc4 h5 57. Qc2 Qd4 58. Qe2 h4 59. g4 Qf4 60. Kh1 Kh6 0-1

[Event "Manila (ol)"]
[Site "?"]
[Date "1992.??.??"]
[Round "?"]
[White "Gurevich, M."]
[Black "Georgiev, Ki"]
[Result "1/2-1/2"]
[WhiteElo "2635"]
[BlackElo "2605"]
[PlyCount "66"]
[EventDate "1992.??.??"]
[Source "ChessBase"]
[SourceDate "1992.06.01"]

1. d4 Nf6 2. c4 e6 3. Nc3 Bb4 4. Qc2 O-O 5. Nf3 c5 6. dxc5 Na6 7. g3 Nxc5 8. Bd2 b6 9. Bg2 Bb7 10. O-O Nce4 11. Nxe4 Bxe4 12. Qa4 Bxd2 13. Nxd2 Bxg2 14. Kxg2 Qc7 15. Qa3 Rfc8 16. Rac1 h6 17. Rfd1 Qe5 18. Nf3 Qe4 19. Qd3 Qxd3 20. exd3 Rc7 21. Nd4 Kf8 22. Rc3 d5 23. Nb5 Rb7 24. Ra3 Rd7 25. Rc1 dxc4 26. dxc4 Rd2 27. b4 Rb2 28. Rxa7 Rxa7 29. Nxa7 Rxb4 30. c5 bxc5 31. Rxc5 g5 32. Rc2 Nd5 33. Nc6 Ra4 1/2-1/2

[Event "Camp. russo a squadre 2007"]
[Site "Sochi RUS"]
[Date "2007.05.03"]
[Round "2"]
[White "Rychagov, A."]
[Black "Georgiev, Ki"]
[Result "1/2-1/2"]
[WhiteElo "2571"]
[BlackElo "2660"]
[PlyCount "26"]
[EventDate "2007.05.02"]
[Source "www.chesslib.no"]
[SourceDate "2004.05.04"]

1. d4 Nf6 2. c4 e6 3. Nc3 Bb4 4. Qc2 c5 5. dxc5 O-O 6. a3 Bxc5 7. Nf3 b6 8. Bf4 Bb7 9. Rd1 Nc6 10. e3 Nh5 11. Bd6 Bxd6 12. Rxd6 Qe7 13. Rd2 Nf6 1/2-1/2

[Event "EU-ch 3rd"]
[Site "Batumi"]
[Date "2002.06.23"]
[Round "11"]
[White "Gurevich, Mikhail"]
[Black "Macieja, Bartlomiej"]
[Result "1/2-1/2"]
[WhiteElo "2641"]
[BlackElo "2584"]
[PlyCount "51"]
[EventDate "2002.06.12"]
[Source "ChessBase"]
[SourceDate "2002.09.20"]

1. d4 Nf6 2. c4 e6 3. Nc3 Bb4 4. Qc2 c5 5. dxc5 O-O 6. a3 Bxc5 7. Nf3 b6 8. Bf4 Bb7 9. e3 Nc6 10. Be2 Be7 11. Rd1 Rc8 12. Nb5 d5 13. Qb1 a6 14. Nc3 Na5 15. cxd5 exd5 16. Be5 Nc4 17. Bd4 b5 18. O-O Qa5 19. Bd3 g6 20. e4 dxe4 21. Nxe4 Nxe4 22. Bxe4 Qc7 23. Rfe1 Rfe8 24. Qc1 Bxe4 25. Rxe4 Nd6 26. Qxc7 1/2-1/2

[Event "Manila (ol)"]
[Site "?"]
[Date "1992.??.??"]
[Round "?"]
[White "Sokolov, I."]
[Black "Ribli, Z."]
[Result "1-0"]
[WhiteElo "2630"]
[BlackElo "2595"]
[PlyCount "77"]
[EventDate "1992.??.??"]
[Source "ChessBase"]
[SourceDate "1992.06.01"]

1. d4 Nf6 2. c4 e6 3. Nc3 Bb4 4. Qc2 O-O 5. Nf3 c5 6. dxc5 Na6 7. Bg5 Nxc5 8. Nd2 h6 9. Bh4 d5 10. cxd5 g5 11. Bg3 exd5 12. a3 Bxc3 13. Qxc3 b6 14. e3 Re8 15. Be5 Nfe4 16. Nxe4 Nxe4 17. Qd4 Qe7 18. Bg3 h5 19. Bb5 Bd7 20. Bxd7 Qxd7 21. f3 Nc5 22. Rd1 Rad8 23. h4 Qe7 24. hxg5 Qxg5 25. Kf2 Qg6 26. Bh4 Nb3 27. Qd3 Rc8 28. Qxg6+ fxg6 29. Rxd5 Rc2+ 30. Kg3 Rxe3 31. Rd8+ Kf7 32. Rd7+ Ke8 33. Rhd1 Nc5 34. Rxa7 Nd3 35. Bf6 h4+ 36. Bxh4 Ree2 37. Rxd3 Rxg2+ 38. Kh3 Rh2+ 39. Kg4 1-0

[Event "Corr"]
[Site "?"]
[Date "2000.09.30"]
[Round "?"]
[White "Costa Carlos Evanir"]
[Black "Lepikhov Aleksey Georgievich"]
[Result "1-0"]
[WhiteElo "2616"]
[BlackElo "2608"]
[PlyCount "97"]
[EventDate "2000.??.??"]
[Source "www.chesslib.no"]
[SourceDate "2004.05.04"]

1. d4 Nf6 2. c4 e6 3. Nc3 Bb4 4. Qc2 c5 5. dxc5 O-O 6. a3 Bxc5 7. Nf3 b6 8. Bf4 Bb7 9. Rd1 Nc6 10. e3 Rc8 11. Be2 Be7 12. O-O Na5 13. Nb5 Be4 14. Qa4 Bxf3 15. gxf3 a6 16. Nd6 Rc6 17. Ne4 Nh5 18. Be5 f6 19. Bc3 f5 20. Ng3 Nf6 21. b4 Nb7 22. Be5 a5 23. f4 Qc8 24. Bf3 Rxc4 25. Qb5 Rc2 26. Bxf6 gxf6 27. Qxd7 Rc7 28. Qb5 Nd6 29. Qxb6 Nc4 30. Qb5 axb4 31. axb4 Qe8 32. Qxe8 Rxe8 33. b5 Rb8 34. Ne2 Bc5 35. Bc6 Bb6 36. Rd3 Na5 37. Bf3 Kf8 38. Kh1 Nc4 39. Rfd1 Re8 40. Bh5 Nb2 41. Rd8 Rxd8 42. Rxd8+ Ke7 43. Rb8 Nc4 44. Re8+ Kd6 45. Rf8 Rc5 46. Rxf6 Rxb5 47. Rh6 Rb2 48. h4 Bc5 49. Rxh7 1-0

[Event "Saint-Vincent 88/448"]
[Site "?"]
[Date "2003.??.??"]
[Round "?"]
[White "Korchnoi, V."]
[Black "Atalik, S."]
[Result "0-1"]
[WhiteElo "2642"]
[BlackElo "2581"]
[PlyCount "95"]
[EventDate "2003.??.??"]
[Source "Chess Informant"]
[SourceDate "2003.06.01"]

1. d4 Nf6 2. c4 e6 3. Nc3 Bb4 4. Qc2 O-O 5. Nf3 c5 6. dxc5 Na6 7. g3 Nxc5 8. Bg2 Nce4 9. Bd2 Nxd2 10. Nxd2 Rb8 11. O-O b6 12. Nde4 Bb7 13. Nxf6+ Qxf6 14. Bxb7 Bxc3 15. Be4 Bxb2 16. Rab1 Bd4 17. Bxh7+ Kh8 18. Be4 Rbc8 19. Qa4 Rc7 20. e3 Bc5 21. Rbd1 d6 22. Kh1 g6 23. Qb3 Kg7 24. f4 a5 25. Rf3 Bb4 26. g4 Rh8 27. a3 Qc3 28. Qxc3+ Bxc3 29. Bd3 Bb2 30. a4 d5 31. cxd5 exd5 32. Kg2 Rc1 33. Rxc1 Bxc1 34. f5 Re8 35. Kf2 gxf5 36. Bxf5 Rd8 37. Bd3 Re8 38. h4 f6 39. Ke2 Re5 40. h5 d4 41. e4 Rc5 42. Rf1 Kf7 43. Ba6 Kg7 44. Kd3 Be3 45. Rb1 Rg5 46. e5 Rxe5 47. Rxb6 Bf2 48. Kc2 0-1

[Event "Groningen"]
[Site "?"]
[Date "1993.??.??"]
[Round "?"]
[White "Azmaiparashvili, Z."]
[Black "Ruban, V."]
[Result "1-0"]
[WhiteElo "2630"]
[BlackElo "2590"]
[PlyCount "103"]
[EventDate "1993.??.??"]
[Source "ChessBase"]
[SourceDate "1993.10.01"]

1. d4 Nf6 2. c4 e6 3. Nc3 Bb4 4. Qc2 c5 5. dxc5 O-O 6. a3 Bxc5 7. Nf3 b6 8. Bg5 Bb7 9. O-O-O Be7 10. e4 Nc6 11. Bd3 h6 12. Bf4 Rc8 13. Kb1 Na5 14. Qe2 a6 15. e5 Ne8 16. b4 Nxc4 17. Bxc4 b5 18. Nxb5 axb5 19. Bxb5 Nc7 20. Bxd7 Nd5 21. Bxc8 Nc3+ 22. Kb2 Qxc8 23. Qc2 Nxd1+ 24. Rxd1 Qa8 25. Rd7 Bxf3 26. gxf3 Qxf3 27. Be3 Bg5 28. Bxg5 hxg5 29. Qd2 f6 30. Rd8 Rxd8 31. Qxd8+ Kf7 32. Qc7+ Kg6 33. b5 f5 34. Qc5 Qe2+ 35. Kb3 Qf3+ 36. Qe3 Qd5+ 37. Kb4 f4 38. Qc3 Qe4+ 39. Kc5 Qd5+ 40. Kb4 Qe4+ 41. Kb3 Qb1+ 42. Kc4 Qa2+ 43. Qb3 Qxf2 44. b6 Qg2 45. b7 Qd5+ 46. Kc3 Qxe5+ 47. Kd2 Qa5+ 48. Kd1 Qd8+ 49. Kc1 Qb8 50. Qxe6+ Kh5 51. Qh3+ Kg6 52. Qc8 1-0

[Event "ICC GM Fights 1"]
[Site "Internet"]
[Date "1999.05.22"]
[Round "1"]
[White "Annakov, Babakuli"]
[Black "Piket, Jeroen"]
[Result "0-1"]
[WhiteElo "2600"]
[BlackElo "2619"]
[PlyCount "112"]
[EventDate "1999.05.??"]
[Source "ChessBase"]
[SourceDate "1999.07.10"]

1. d4 Nf6 2. c4 e6 3. Nc3 Bb4 4. Qc2 O-O 5. Nf3 c5 6. dxc5 Na6 7. g3 Nxc5 8. Bg2 Nce4 9. Bd2 Nxd2 10. Nxd2 a6 11. O-O Rb8 12. a3 Be7 13. Rfd1 Qc7 14. Rac1 d6 15. b4 Bd7 16. Qb3 Rfc8 17. h3 h6 18. Nce4 Nxe4 19. Bxe4 b5 20. Bd3 Qa7 21. cxb5 axb5 22. Ne4 d5 23. Nc3 Qa8 24. e3 Rc7 25. Nxd5 Rxc1 26. Nxe7+ Kf8 27. Ng6+ fxg6 28. Rxc1 Qf3 29. Bf1 Bc6 30. Rxc6 Qxc6 31. Qd3 Kf7 32. Qd4 Rb6 33. Bd3 Qd6 34. Qe4 e5 35. Kh2 Kg8 36. h4 h5 37. Qa8+ Kh7 38. Qe4 Kh6 39. Qa8 Kh7 40. Qe4 Qf6 41. Kg1 Ra6 42. Bxb5 Rxa3 43. Be2 Ra2 44. Bf3 Kh6 45. Kg2 Qd6 46. Qd5 Qxd5 47. Bxd5 Rb2 48. e4 g5 49. Bc6 gxh4 50. gxh4 Rxb4 51. Bd5 Rb2 52. Kg3 g5 53. f3 Rb1 54. Bc6 Rg1+ 55. Kh2 Rc1 56. Be8 gxh4 0-1

[Event "TCh-ROM A"]
[Site "?"]
[Date "2005.05.21"]
[Round "1"]
[White "Istratescu Andrei"]
[Black "Gyimesi Zoltan"]
[Result "1/2-1/2"]
[WhiteElo "2624"]
[BlackElo "2595"]
[PlyCount "71"]
[EventDate "2005.??.??"]
[Source "www.chesslib.no"]
[SourceDate "2004.05.04"]

1. d4 Nf6 2. c4 e6 3. Nc3 Bb4 4. Qc2 O-O 5. Bg5 c5 6. dxc5 Na6 7. a3 Bxc3+ 8. Qxc3 Nxc5 9. Bxf6 Qxf6 10. Qxf6 gxf6 11. b4 Na4 12. Nf3 b6 13. e3 a5 14. Kd2 Bb7 15. Be2 Rfc8 16. Rhc1 Ba6 17. Rab1 axb4 18. axb4 d5 19. b5 Bb7 20. Nd4 Nc5 21. f3 Ra2+ 22. Ke1 f5 23. Kf1 Kg7 24. h3 h5 25. h4 Kf6 26. cxd5 Bxd5 27. Rc3 Rca8 28. Nc2 Be4 29. Rc1 Bxc2 30. R1xc2 Ra1+ 31. Rc1 R1a4 32. Rc4 R4a5 33. R4c3 Rd8 34. R1c2 Ra4 35. Rc4 Ra3 36. R4c3 1/2-1/2

[Event "Munich SKA"]
[Site "Munich"]
[Date "1994.??.??"]
[Round "9"]
[White "Hertneck, Gerald"]
[Black "Lutz, Christopher"]
[Result "1/2-1/2"]
[WhiteElo "2615"]
[BlackElo "2595"]
[PlyCount "46"]
[EventDate "1994.05.??"]
[Source "ChessBase"]

1. d4 Nf6 2. c4 e6 3. Nc3 Bb4 4. Qc2 O-O 5. Nf3 c5 6. dxc5 Na6 7. a3 Bxc3+ 8. Qxc3 Nxc5 9. e3 a5 10. b3 d6 11. Nd2 b6 12. Be2 Bb7 13. O-O e5 14. f3 Qe7 15. Bb2 Rfc8 16. e4 a4 17. b4 Ne6 18. Qe3 Nf4 19. Bd1 N6d5 20. exd5 Qg5 21. Kf2 Qh4+ 22. Kg1 Qg5 23. Kf2 Qh4+ 1/2-1/2

[Event "Cap d'Agde-B"]
[Site "Cap d'Agde"]
[Date "2000.??.??"]
[Round "1"]
[White "Serper, Grigory"]
[Black "Zhang Zhong"]
[Result "0-1"]
[WhiteElo "2574"]
[BlackElo "2636"]
[PlyCount "113"]
[EventDate "2000.10.29"]
[Source "ChessBase"]
[SourceDate "2001.01.25"]

1. d4 Nf6 2. c4 e6 3. Nc3 Bb4 4. Qc2 c5 5. dxc5 O-O 6. a3 Bxc5 7. Nf3 b6 8. Bg5 Bb7 9. e4 h6 10. Bh4 Be7 11. O-O-O Nc6 12. e5 Ne8 13. Bxe7 Qxe7 14. Qd3 Rd8 15. Ne4 Na5 16. Kb1 Ba6 17. Qd4 Nc6 18. Qd2 Bb7 19. Qf4 f5 20. exf6 Nxf6 21. Bd3 Na5 22. Ned2 Nd5 23. Qg3 Nf4 24. Bc2 Qf6 25. Rhe1 d6 26. Ne4 Qe7 27. Ned2 Rc8 28. Nd4 Qf6 29. Nf5 Nh5 30. Qg4 exf5 31. Qxh5 Kh8 32. Bd3 Ba6 33. Qf3 Bxc4 34. Nxc4 Nxc4 35. Bxc4 Rxc4 36. Qd5 Rfc8 37. Re6 Qh4 38. Qxf5 R4c5 39. Qf7 Qc4 40. Re8+ Rxe8 41. Qxe8+ Kh7 42. Ka1 Re5 43. Qd7 d5 44. Qxa7 Qb3 45. Rb1 d4 46. Qc7 Ra5 47. Qe7 Qd5 48. f3 Rc5 49. Rd1 Rc2 50. Qe4+ Qxe4 51. fxe4 Rxg2 52. Rxd4 Rxh2 53. e5 Re2 54. Rb4 h5 55. Rxb6 h4 56. a4 Rxe5 57. Ka2 0-1

[Event "Monarch Assurance 8th"]
[Site "Port Erin"]
[Date "1999.11.07"]
[Round "2"]
[White "Shipov, Sergei"]
[Black "Shneider, Aleksandr"]
[Result "1/2-1/2"]
[WhiteElo "2658"]
[BlackElo "2551"]
[PlyCount "48"]
[EventDate "1999.11.06"]
[Source "ChessBase"]
[SourceDate "2000.02.01"]

1. d4 Nf6 2. c4 e6 3. Nc3 Bb4 4. Qc2 c5 5. dxc5 O-O 6. a3 Bxc5 7. Nf3 b6 8. Bg5 Bb7 9. e4 h6 10. Bh4 Be7 11. Rd1 Nh5 12. Bxe7 Qxe7 13. Qd2 d5 14. Qe3 dxe4 15. Nxe4 Rd8 16. Rxd8+ Qxd8 17. Be2 Nf6 18. Nc3 Nbd7 19. O-O a6 20. Rd1 Qc7 21. h3 Rc8 22. Qd4 Kf8 23. Qe3 Qc5 24. Qf4 Qc7 1/2-1/2

[Event "Rethymnon 88/450"]
[Site "?"]
[Date "2003.??.??"]
[Round "?"]
[White "Gagunashvili, M."]
[Black "Macieja, B."]
[Result "0-1"]
[WhiteElo "2577"]
[BlackElo "2627"]
[PlyCount "68"]
[EventDate "2003.??.??"]
[Source "Chess Informant"]
[SourceDate "2003.06.01"]

1. d4 Nf6 2. c4 e6 3. Nc3 Bb4 4. Qc2 c5 5. dxc5 O-O 6. a3 Bxc5 7. Nf3 b6 8. Bg5 Bb7 9. e4 h6 10. Bh4 Be7 11. Rd1 Nh5 12. Bg3 a6 13. e5 Bxf3 14. gxf3 Qc7 15. f4 d6 16. f5 dxe5 17. fxe6 fxe6 18. Qg6 Nf6 19. Rg1 Rf7 20. Bh3 Qxc4 21. Rd5 Qc6 22. Rxe5 Nbd7 23. Rxe6 Qc4 24. Re3 Nf8 25. Qd3 Qb3 26. Bg2 Rd8 27. Nd5 Qxb2 28. Rxe7 Qa1+ 29. Ke2 Qa2+ 30. Kf1 Nxd5 31. Re2 Ne3+ 32. Qxe3 Rd1+ 33. Re1 Qc4+ 34. Qe2 Rxe1+ 0-1

[Event "Bermuda-A"]
[Site "Bermuda"]
[Date "2003.01.25"]
[Round "1"]
[White "Gershon, Alik"]
[Black "Macieja, Bartlomiej"]
[Result "1-0"]
[WhiteElo "2571"]
[BlackElo "2629"]
[PlyCount "123"]
[EventDate "2003.01.25"]
[Source "ChessBase"]
[SourceDate "2003.05.26"]

1. d4 Nf6 2. c4 e6 3. Nc3 Bb4 4. Qc2 c5 5. dxc5 O-O 6. a3 Bxc5 7. Nf3 b6 8. Bf4 Nh5 9. Bg3 Be7 10. e3 Bb7 11. Be2 h6 12. Rd1 a6 13. Rd2 Nxg3 14. hxg3 d6 15. Ne4 Bxe4 16. Qxe4 Nd7 17. Nd4 d5 18. cxd5 Nf6 19. Qd3 Nxd5 20. e4 Nf6 21. e5 Nh7 22. Nc6 Qe8 23. Qd7 Qxd7 24. Rxd7 Bd8 25. O-O Rc8 26. Na7 Rc5 27. Bf3 Bg5 28. Bb7 Rd8 29. Rxd8+ Bxd8 30. Bxa6 Rxe5 31. Nc6 Rd5 32. Nxd8 Rxd8 33. Rc1 Nf6 34. Rc8 Rxc8 35. Bxc8 Kf8 36. Kf1 Ke7 37. Bb7 Kd6 38. Ke2 Nd7 39. b4 b5 40. Be4 Ne5 41. Bc2 Kd5 42. f4 Nc4 43. a4 bxa4 44. Bxa4 Kd4 45. Bd7 h5 46. Bc6 Nd6 47. Bf3 g6 48. g4 hxg4 49. Bxg4 Kc4 50. Ke3 Nf5+ 51. Ke4 f6 52. Bd1 Nd6+ 53. Kf3 Kxb4 54. g4 Kc5 55. Bb3 Nc4 56. Ba2 Kd4 57. g5 fxg5 58. fxg5 Ne5+ 59. Kg3 Nc4 60. Kf3 Kd5 61. Bxc4+ Kxc4 62. Ke4 1-0